Faculty of Law Library — Cairo University

Official Online Catalog

The globalization of world politics : (Record no. 57890)

MARC details
000 -LEADER
fixed length control field 01493cam a2200385 i 4500
003 - CONTROL NUMBER IDENTIFIER
control field EG-GICUC
005 - DATE AND TIME OF LATEST TRANSACTION
control field 20260121101742.0
008 - FIXED-LENGTH DATA ELEMENTS--GENERAL INFORMATION
fixed length control field 260119s2001 enka frb 001 0 eng d
020 ## - INTERNATIONAL STANDARD BOOK NUMBER
International Standard Book Number 0198782632
020 ## - INTERNATIONAL STANDARD BOOK NUMBER
International Standard Book Number 9780198782636
040 ## - CATALOGING SOURCE
Original cataloging agency DLC
Transcribing agency DLC
Modifying agency DLC
-- EG-GICUC
Language of cataloging eng
Description conventions rda
050 00 - LIBRARY OF CONGRESS CALL NUMBER
Classification number JZ1242
Item number .G58 2001
082 00 - DEWEY DECIMAL CLASSIFICATION NUMBER
Classification number 341.3
Edition number 21
092 04 - LOCALLY ASSIGNED DEWEY CALL NUMBER (OCLC)
Edition number 21
099 ## - LOCAL FREE-TEXT CALL NUMBER (OCLC)
Classification number Law 11 2001
245 04 - TITLE STATEMENT
Title The globalization of world politics :
Remainder of title an introduction to international relations /
Statement of responsibility, etc. edited by John Baylis and Steve Smith.
250 ## - EDITION STATEMENT
Edition statement 2nd edition.
264 ## - PRODUCTION, PUBLICATION, DISTRIBUTION, MANUFACTURE, AND COPYRIGHT NOTICE
Place of production, publication, distribution, manufacture Oxford ;
-- New York :
Name of producer, publisher, distributor, manufacturer Oxford University Press,
Date of production, publication, distribution, manufacture, or copyright notice 2001.
300 ## - PHYSICAL DESCRIPTION
Extent xxx, 690 pages :
Other physical details illustrations ;
Dimensions 25 cm.
336 ## - CONTENT TYPE
Content type term text
Source rdacontent
337 ## - MEDIA TYPE
Media type term Computer
Source rdamedia
338 ## - CARRIER TYPE
Carrier type term Online Resource
Source rdacarrier
504 ## - BIBLIOGRAPHY, ETC. NOTE
Bibliography, etc. note Includes bibliographical references and index.
650 #0 - SUBJECT ADDED ENTRY--TOPICAL TERM
Topical term or geographic name entry element International relations.
650 #0 - SUBJECT ADDED ENTRY--TOPICAL TERM
Topical term or geographic name entry element Globalization.
650 #0 - SUBJECT ADDED ENTRY--TOPICAL TERM
Topical term or geographic name entry element World politics
Chronological subdivision 1989-
700 1# - ADDED ENTRY--PERSONAL NAME
Personal name Baylis, John,
Dates associated with a name 1946-
Relator term editor.
700 1# - ADDED ENTRY--PERSONAL NAME
Personal name Smith, Steve,
Dates associated with a name 1952-
Relator term editor.
856 41 - ELECTRONIC LOCATION AND ACCESS
Uniform Resource Identifier <a href="https://fll.law.cu.edu.eg/fulltext/bks/ENGB11-00077.pdf">https://fll.law.cu.edu.eg/fulltext/bks/ENGB11-00077.pdf</a>
856 41 - ELECTRONIC LOCATION AND ACCESS
Materials specified Table of contents only
Uniform Resource Identifier <a href="http://www.loc.gov/catdir/enhancements/fy0612/2001036906-t.html">http://www.loc.gov/catdir/enhancements/fy0612/2001036906-t.html</a>
856 42 - ELECTRONIC LOCATION AND ACCESS
Materials specified Publisher description
Uniform Resource Identifier <a href="http://www.loc.gov/catdir/enhancements/fy0612/2001036906-d.html">http://www.loc.gov/catdir/enhancements/fy0612/2001036906-d.html</a>
856 42 - ELECTRONIC LOCATION AND ACCESS
Materials specified Contributor biographical information
Uniform Resource Identifier <a href="http://www.loc.gov/catdir/enhancements/fy0724/2001036906-b.html">http://www.loc.gov/catdir/enhancements/fy0724/2001036906-b.html</a>
905 ## - Cataloger and Reviser Names
Cataloger Name: Hend El khosy
942 ## - ADDED ENTRY ELEMENTS (KOHA)
Source of classification or shelving scheme Dewey Decimal Classification
Koha item type Books
Edition 21
Suppress in OPAC No
Holdings
Withdrawn status Lost status Source of classification or shelving scheme Damaged status Not for loan Collection Home library Current library Date acquired Total checkouts Full call number Barcode Date last seen Copy number Price effective from Koha item type Public note
    Dewey Decimal Classification     القانون الدولي العام جــــامعة القــاهرة مكتبة كلية الحقوق - فـرع الشيخ زايد 19.01.2026   Law2 11 341.3 GL 2 ed - 2001 1100077 C1 ENGB11-00077 19.01.2026 1 19.01.2026 Books 2170

© All rights reserved — Faculty of Law, Cairo University